Thermodynamics and energy systems analysis : (Record no. 19560)

MARC details
000 -LEADER
fixed length control field 01117cam a2200337 i 4500
001 - CONTROL NUMBER
control field 015566956
003 - CONTROL NUMBER IDENTIFIER
control field EG-ScBUE
005 - DATE AND TIME OF LATEST TRANSACTION
control field 20250616125808.0
008 - FIXED-LENGTH DATA ELEMENTS--GENERAL INFORMATION
fixed length control field 100527t2010 sz a f b 001 0 eng d
020 ## - INTERNATIONAL STANDARD BOOK NUMBER
International Standard Book Number 9781439835166 (hbk.)
020 ## - INTERNATIONAL STANDARD BOOK NUMBER
International Standard Book Number 1439835160 (hbk.)
040 ## - CATALOGING SOURCE
Original cataloging agency StDuBDS
Language of cataloging eng
Description conventions rda
Transcribing agency StDuBDS
Modifying agency EG-ScBUE
082 04 - DEWEY DECIMAL CLASSIFICATION NUMBER
Classification number 536.7
Edition number 22
Item number BOR
100 1# - MAIN ENTRY--PERSONAL NAME
Personal name Borel, Lucien,
Relator term author.
9 (RLIN) 38180
245 10 - TITLE STATEMENT
Title Thermodynamics and energy systems analysis :
Remainder of title from energy to exergy /
Statement of responsibility, etc Lucien Borel and Daniel Favrat.
264 #1 - PUBLICATION, DISTRIBUTION, ETC. (IMPRINT)
Place of publication, distribution, etc Lausanne :
Name of publisher, distributor, etc EFPL Press,
Date of publication, distribution, etc [2010]
264 #4 - PUBLICATION, DISTRIBUTION, ETC. (IMPRINT)
Date of publication, distribution, etc c2010
300 ## - PHYSICAL DESCRIPTION
Extent xii, 795 pages :
Other physical details color illustrations ;
Dimensions 18 cm.
336 ## - CONTENT TYPE
Source rdacontent
Content type term text
Content type code txt
337 ## - MEDIA TYPE
Source rdamedia
Media type term unmediated
Media type code n
338 ## - CARRIER TYPE
Source rdacarrier
Carrier type term volume
Carrier type code nc
490 0# - SERIES STATEMENT
Series statement Engineering sciences . Mechanical engineering
504 ## - BIBLIOGRAPHY, ETC. NOTE
Bibliography, etc Includes bibliographical references and index.<br/>
650 #7 - SUBJECT ADDED ENTRY--TOPICAL TERM
Topical term or geographic name as entry element Thermodynamics.
Source of heading or term BUEsh
9 (RLIN) 1919
650 #7 - SUBJECT ADDED ENTRY--TOPICAL TERM
Topical term or geographic name as entry element Force and energy.
Source of heading or term BUEsh
651 ## - SUBJECT ADDED ENTRY--GEOGRAPHIC NAME
Source of heading or term BUEsh
653 ## - INDEX TERM--UNCONTROLLED
Resource For college Engineering, General
Arrived date list June2015
655 ## - INDEX TERM--GENRE/FORM
Form subdivision Reading book
700 1# - ADDED ENTRY--PERSONAL NAME
Personal name Favrat, Daniel,
Relator term author.
942 ## - ADDED ENTRY ELEMENTS (KOHA)
Source of classification or shelving scheme Dewey Decimal Classification
Koha item type Book - Borrowing
Holdings
Withdrawn status Lost status Source of classification or shelving scheme Damaged status Not for loan Collection code Home library Current library Shelving location Date acquired Source of acquisition Total Checkouts Total Renewals Full call number Barcode Date last seen Date checked out Koha item type
    Dewey Decimal Classification     Baccah Central Library Central Library First floor 10/06/2015   2 22 536.7 BOR 000038475 15/07/2025 23/10/2021 Book - Borrowing